Solid state physics by Neil W Ashcroft and N David Mermin (Record no. 1211713)

MARC details
000 -LEADER
fixed length control field 01064nam a2200289Ia 4500
003 - CONTROL NUMBER IDENTIFIER
control field OSt
005 - DATE AND TIME OF LATEST TRANSACTION
control field 20221007123332.0
008 - FIXED-LENGTH DATA ELEMENTS--GENERAL INFORMATION
fixed length control field 221006b |||||||| |||| 00| 0 eng d
020 ## - INTERNATIONAL STANDARD BOOK NUMBER
International Standard Book Number 9814066478 (pbk)
037 ## - SOURCE OF ACQUISITION
Terms of availability Textual
040 ## - CATALOGING SOURCE
Original cataloging agency PAPL
Transcribing agency PAPL
Language of cataloging eng
041 ## - LANGUAGE CODE
Source of code eng
Language code of text/sound track or separate title eng
100 ## - MAIN ENTRY--PERSONAL NAME
Personal name Ashcroft Neil W
9 (RLIN) 474886
245 #0 - TITLE STATEMENT
Title Solid state physics by Neil W Ashcroft and N David Mermin
Remainder of title Mermin N David
260 ## - PUBLICATION, DISTRIBUTION, ETC.
Place of publication, distribution, etc. Singapore
Name of publisher, distributor, etc. Harcourt Asia Pte Ltd
Date of publication, distribution, etc. 1976
300 ## - PHYSICAL DESCRIPTION
Extent xxi,826p
Dimensions cm.
500 ## - GENERAL NOTE
General note Appendix A-P, 757-797p; Index 799-826p; ^n23/CSL/Carpa/00-01/OTSG/771^d2001-03-30^mPurhcase; ; 2000-2001/863^b2001-03-30^c1088^d2001-03-30^eRs.1,066.50^fOverseas Press (India)Pvt Ltd; ; 2001-08-01^bSB^c2001-08-01^dRPS
650 ## - SUBJECT ADDED ENTRY--TOPICAL TERM
Topical term or geographic name entry element Solid state
650 ## - SUBJECT ADDED ENTRY--TOPICAL TERM
Topical term or geographic name entry element Physics
700 ## - ADDED ENTRY--PERSONAL NAME
Personal name Mermin N David
9 (RLIN) 474887
942 ## - ADDED ENTRY ELEMENTS (KOHA)
Classification part C21, L6;2
Koha item type Textual
Source of classification or shelving scheme Colon Classification (CC)
Holdings
Withdrawn status Lost status Source of classification or shelving scheme Damaged status Not for loan Home library Current library Date acquired Source of acquisition Total Checkouts Full call number Barcode Date last seen Price effective from Koha item type
    Colon Classification (CC)     Department of Physics and Astrophysics Library Department of Physics and Astrophysics Library 2022-10-07 Overseas,   C21 L6;2 PA0005275 2022-10-07 2022-10-07 Textual
Copyright @ Delhi University Library System